| 000 | 01243cam a22002535a 4500 | ||
|---|---|---|---|
| 001 | L157978 | ||
| 008 | 130918s2013 xxk f 000 0 eng d | ||
| 020 | _a9781118624654 | ||
| 035 | _a(Sirsi) u157978 | ||
| 041 | 0 | _aeng | |
| 100 | 1 | _aWyatt, Peter | |
| 245 | 0 | 0 |
_aProperty valuation _h[electronic resource] |
| 250 | _a2nd edition | ||
| 260 |
_aChichester _bJohn Wiley & Sons Inc _c2013 |
||
| 300 | _aebook | ||
| 520 | _aFocuses on the valuation and appraisal of commercial and industrial property across investment, development and occupier markets. It is structured from the client perspective and covers single-asset pricing and risk and return issues. Part 1 discusses microeconomic and macroeconomic issues, Part B looks at different approaches and methods of valuation, Part C applies methods discussed to a range of property types and Part D looks at investment and development appraisal. Refers to case studies and sample valuations throughout. | ||
| 650 | 2 | 4 | _aEBOOK |
| 651 | 4 |
_aUnited Kingdom _y |
|
| 690 |
_aValuation _96273 |
||
| 690 |
_aInvestments _96250 |
||
| 690 |
_aCommercial property _96227 |
||
| 856 | 4 | 0 |
_uhttps://www.vlebooks.com/ _zView on VLEbooks. Logins for members only from [email protected] |
| 942 | _n0 | ||
| 999 |
_c115050 _d115050 |
||